000 00541 a2200217 4500
005 20260209164228.0
008 260209b |||||||| |||| 00| 0 eng d
020 _a9788174733924
_cRs. 325.00
040 _aMAIN
082 _a574.29
_bR246T(3)
100 _aReddy, Rajeshwar
245 _aTextbook of immunology
250 _a3rd
260 _bAITBS Publishers, India
_c2024
_aNew Delhi
300 _axvi, 290
650 _aImmunology
650 _aPathology
650 _aImmune System
650 _aBiologyRed
942 _cBK
999 _c395029
_d395029